000 00459nam a2200181Ia 4500
001 3874
005 20260306145715.0
008 260306t2010||||xx |||||||||||||| ||spa||
041 _aESP
082 _a304.82
_bL25
100 _aLargo, Eliana
_eAUT
245 0 _aMujeres migrantes andinas:
_bContexto, políticas y gestión migratoria
260 _c2010
300 _a139 páginas :
_c26 cm.
650 _aGEN
654 _aCHU
942 _cLIB
_dJUS
_fJUS
_2ddc
_n
999 _c3874
_d3874